Traduction fr-en: la semaine / the week - Statistiques

Statistiques générales
  • Ce quiz a été pris 46 fois
  • Le résultat moyen est 9 sur 10
Statistiques - réponses
Mots en fr/ Words in fr Mots en en/ Words in en % Correct
Lundi Monday
100%
Mardi Tuesday
100%
Vendredi Friday
95%
Samedi Saturday
95%
Jeudi Thursday
95%
Dimanche Sunday
90%
Mercredi Wednesday
90%
Une fin de semaine A weekend
85%
Quotidien Daily
68%
Hebdomadaire Weekly
66%
Aucun quiz correspondant
Distribution des résultats
% des personnes avec chaque résultat
Percentile par nombre de réponses
Votre historique - résultats
Vous n’avez pas pris ce quiz